Most Visited U.S. Cities by Mexicans - Statistics

General Stats
  • This quiz has been taken 98 times
  • The average score is 7 of 8
Answer Stats
Share % Answer % Correct
11.77 New York
97%
4.07 Dallas
93%
12.56 Los Angeles
93%
10.35 Houston
92%
10.23 Miami
91%
7.18 Chicago
89%
9.78 Las Vegas
80%
8.51 Orlando
68%
No matching quizzes found
Score Distribution
Percent of People with Each Score
Percentile by Number Answered
Your Score History
You have not taken this quiz